| 000 | 01280cab a2200265 4500 | ||
|---|---|---|---|
| 001 | Z3341 | ||
| 008 | 090401t1993 xxu||||| |||| 00| 0 eng d | ||
| 035 | _a(Sirsi) u52515 | ||
| 041 | _aeng | ||
| 245 | _aTaylor v Newham LBC | ||
| 260 | _c1993 | ||
| 350 | _a0 | ||
| 490 |
_aWeekly Law Reports _v1993 1 WLR 444-452(9) |
||
| 520 | _aCA 27 January 1993. CA upheld CC decision granting a tenant T an injunction under Housing Act 1985 s138(3) forcing a local authority N to complete the sale of her council house. N had accepted T`s right as a secure tenant to exercise her right to buy under Part V of the Housing Act 1985 despite giving notice of an intention to seek possession of the house and the issuing of a summons alleging racial harassment and causing hardship to third parties. In dismissing N`s appeal, CA held that T had satisfied conditions specified in s138 Housing Act 1985, and had no power to refuse an application except in exceptional circumstances. | ||
| 650 | _aHOUSING ACT 1985 | ||
| 650 | _aINJUNCTION | ||
| 650 | _aNUISANCE | ||
| 650 | _aRACIAL HARASSMENT | ||
| 650 | _aREPOSSESSION | ||
| 650 | _aRIGHT TO BUY | ||
| 650 | _aSECURE TENANCY | ||
| 690 | _aLANDLORD AND TENANT-CASE LAW-RESIDENTIAL TENANCIES | ||
| 942 | _n0 | ||
| 948 | _c04/03/1997 | ||
| 999 |
_c32512 _d32512 |
||